书目信息 |
| 题名: |
时代楷模
|
|
| 作者: | 中共中央宣传部宣传教育局 编 | |
| 分册: | ||
| 出版信息: | 北京 学习出版社 2019.4 |
|
| 页数: | ||
| 开本: | 24cm | |
| 丛书名: | ||
| 单 册: | ||
| 中图分类: | K828.5 | |
| 科图分类: | ||
| 主题词: | 女性--先进事迹--中国--现代 | |
| 电子资源: | ||
| ISBN: | 978-7-5147-0894-3 | |
| 000 | 01112nam0 2200229 45 | |
| 001 | 012001006366 | |
| 005 | 20131101140510.0 | |
| 010 | @a978-7-5147-0894-3@dCNY40.00 | |
| 100 | @a20190508d2019 em y0chiy0110 ea | |
| 101 | 0 | @achi |
| 102 | @aCN@b110000 | |
| 105 | @ay z 000yy | |
| 106 | @ar | |
| 200 | 1 | @a时代楷模@9shi dai kai mo@f中共中央宣传部宣传教育局编 |
| 210 | @a北京@c学习出版社@d2019.4 | |
| 215 | @d24cm | |
| 330 | @a卓嘎,1961年生,央宗,1963年生。卓嘎、央宗姐妹是西藏自治区山南市隆子县玉麦乡牧民。20世纪60年代以来,她们在父亲桑杰曲巴的影响和带领下,高举爱国主义伟大旗帜,始终秉持“家是玉麦,国是中国,放牧守边是职责”的坚定信念,几十年如一日以抵边放牧、巡逻的方式守护着祖国数千平方公里的国土,是“爱国守边最美格桑花”。本书收录了人民日报、新华社及央视等媒体的报道评论、视频节目,通过图文并茂、链接网络媒体的方式,多侧面地呈现了卓嘎、央宗姐妹的崇高形象。 | |
| 606 | 0 | @a女性@x先进事迹@y中国@z现代 |
| 690 | @aK828.5@v5 | |
| 701 | 0 | @a中共中央宣传部宣传教育局@9zhong gong zhong yang xuan chuan bu xuan chuan jiao yu ju@4编 |
| 801 | 2 | @aCN@b上海新华@c20191020 |
| 905 | @b1131481-4@dK828.5@e102@f4 | |
| 时代楷模/中共中央宣传部宣传教育局编.-北京:学习出版社,2019.4 |
| 24cm |
| ISBN 978-7-5147-0894-3:CNY40.00 |
| 卓嘎,1961年生,央宗,1963年生。卓嘎、央宗姐妹是西藏自治区山南市隆子县玉麦乡牧民。20世纪60年代以来,她们在父亲桑杰曲巴的影响和带领下,高举爱国主义伟大旗帜,始终秉持“家是玉麦,国是中国,放牧守边是职责”的坚定信念,几十年如一日以抵边放牧、巡逻的方式守护着祖国数千平方公里的国土,是“爱国守边最美格桑花”。本书收录了人民日报、新华社及央视等媒体的报道评论、视频节目,通过图文并茂、链接网络媒体的方式,多侧面地呈现了卓嘎、央宗姐妹的崇高形象。 |
| ● |
| 相关链接 |
|
|
|
|
正题名:时代楷模
索取号:K828.5/102
 
预约/预借
| 序号 | 登录号 | 条形码 | 馆藏地/架位号 | 状态 | 备注 |
| 1 | 1131481 | 211314816 | 第二样本阅览室/ [索取号:K828.5/102] | 在馆 | |
| 2 | 1131482 | 211314825 | 第二借阅区/ [索取号:K828.5/102] | 在馆 | |
| 3 | 1131483 | 211314834 | 第二借阅区/ [索取号:K828.5/102] | 在馆 | |
| 4 | 1131484 | 211314843 | 第二借阅区/ [索取号:K828.5/102] | 在馆 |